[Event "Campeonato de España FEDC 2014"]
[Site "Linares ESP"]
[Date "2014.11.18"]
[Round "3.1"]
[White "Palacios Perez, Manuel"]
[Black "Clemente Llamero, Roberto"]
[Result "1/2-1/2"]
[WhiteElo "2208"]
[BlackElo "2097"]
[PlyCount "105"]
[EventDate "2014.11.16"]
[EventType "swiss"]
[EventRounds "8"]
[EventCountry "ESP"]
[Source "lmi"]
[SourceDate "2014.11.16"]

1. d4 Nf6 2. c4 d6 3. Nf3 Bf5 4. Nc3 h6 5. Bf4 Nbd7 6. e3 e6 7. h3 Be7 8. Bd3
Bxd3 9. Qxd3 a6 10. Rd1 O-O 11. O-O c5 12. Bg3 cxd4 13. Qxd4 e5 14. Qd2 Qc7 15.
b3 Rfe8 16. Bh4 Rac8 17. Bxf6 Nxf6 18. Nd5 Nxd5 19. Qxd5 Qc6 20. Qxc6 Rxc6 21.
Rd5 Rec8 22. Rfd1 Rc5 23. Rxc5 Rxc5 24. Rd5 Rxd5 25. cxd5 Bd8 26. Nd2 Kf8 27.
e4 h5 28. Kf1 Ke7 29. Ke2 g6 30. Nc4 Kd7 31. Nb2 Bb6 32. Nd3 Bd4 33. g4 hxg4
34. hxg4 Ke7 35. Ne1 Bc3 36. Nf3 Bb4 37. Ng5 Bc5 38. a4 Ba3 39. Nf3 Bc5 40. Nd2
Kd7 41. Nc4 Kc7 42. Nb2 Bd4 43. Nc4 Bc3 44. Kd3 Be1 45. Ke2 Bc3 46. Kd3 Be1 47.
f3 b5 48. axb5 axb5 49. Na3 Kb6 50. Nc2 Bh4 51. Nb4 Kc5 52. Na6+ Kb6 53. Nb4
1/2-1/2

[Event "Campeonato de España FEDC 2014"]
[Site "Linares ESP"]
[Date "2014.11.18"]
[Round "3.2"]
[White "Olivera Gutierrez, Albert"]
[Black "Fernandez Manrique, Agustin"]
[Result "0-1"]
[WhiteElo "2047"]
[BlackElo "2197"]
[PlyCount "82"]
[EventDate "2014.11.16"]
[EventType "swiss"]
[EventRounds "8"]
[EventCountry "ESP"]
[Source "lmi"]
[SourceDate "2014.11.16"]

1. e4 e6 2. d4 d5 3. Nc3 Bb4 4. exd5 exd5 5. Bd3 Nc6 6. a3 Ba5 7. Be3 Nf6 8.
Nge2 O-O 9. O-O Bg4 10. f3 Bh5 11. Nf4 Bg6 12. Nxg6 hxg6 13. Ne2 Ne7 14. Ng3
Qd7 15. Bg5 c6 16. Qc1 Nh7 17. Bf4 Rfe8 18. c3 Nf8 19. Re1 Ne6 20. Be5 f6 21.
Bf4 Kf7 22. Be3 Bc7 23. f4 f5 24. Qd2 Ng8 25. Re2 Nf6 26. h3 Qd6 27. Rf1 Rh8
28. Qe1 Rae8 29. Qf2 Nh5 30. Nxh5 Rxh5 31. Qf3 Rh4 32. Ref2 Reh8 33. c4 Ng5 34.
Qe2 Re8 35. c5 Qe7 36. Bc1 Ne6 37. Qe3 Qf6 38. Qf3 Rhh8 39. Bd2 Qxd4 40. Bc3
Qxc5 41. Re1 Nxf4 0-1

[Event "Campeonato de España FEDC 2014"]
[Site "Linares ESP"]
[Date "2014.11.18"]
[Round "3.3"]
[White "Draghici Flutur, Gavril"]
[Black "Fernandez Lago, David"]
[Result "1/2-1/2"]
[WhiteElo "2164"]
[BlackElo "2000"]
[PlyCount "59"]
[EventDate "2014.11.16"]
[EventType "swiss"]
[EventRounds "8"]
[EventCountry "ESP"]
[Source "lmi"]
[SourceDate "2014.11.16"]

1. e4 c5 2. Nf3 d6 3. d4 cxd4 4. Qxd4 Nc6 5. Bb5 Bd7 6. Qd3 Nf6 7. Bg5 e6 8.
Nc3 a6 9. Bxc6 Bxc6 10. Nd4 Bd7 11. f4 Be7 12. O-O-O h6 13. Bh4 b5 14. e5 dxe5
15. fxe5 Ng4 16. Bxe7 Qxe7 17. Qe4 Qg5+ 18. Kb1 Rd8 19. Nf3 Qg6 20. Qd4 h5 21.
h3 Nh6 22. g4 O-O 23. Ne4 Bc6 24. Qxd8 Qxe4 25. Qc7 Qxf3 26. Rhf1 Qg2 27. Rg1
Qe4 28. Rge1 Qg2 29. Rg1 Qe4 30. Rge1 1/2-1/2

[Event "Campeonato de España FEDC 2014"]
[Site "Linares ESP"]
[Date "2014.11.18"]
[Round "3.4"]
[White "Aguilar Sevilla, Diego"]
[Black "Coves Sepulcre, Laureano"]
[Result "1-0"]
[WhiteElo "2105"]
[BlackElo "1840"]
[PlyCount "85"]
[EventDate "2014.11.16"]
[EventType "swiss"]
[EventRounds "8"]
[EventCountry "ESP"]
[Source "lmi"]
[SourceDate "2014.11.16"]

1. e4 e5 2. Nf3 Nf6 3. d4 Nxe4 4. Bd3 d5 5. dxe5 Be7 6. O-O Nc5 7. Nc3 Nxd3 8.
Qxd3 c6 9. Nd4 O-O 10. f4 Nd7 11. Kh1 Nc5 12. Qe3 Ne6 13. f5 Nxd4 14. Qxd4 Re8
15. Be3 Bg5 16. Rae1 Bd7 17. f6 gxf6 18. exf6 Rxe3 19. Rxe3 Bxe3 20. Qxe3 Kh8
21. Qg3 Qf8 22. Qc7 Qc8 23. Qd6 Be6 24. Ne2 Qd7 25. Qf4 Rg8 26. Nd4 a6 27. Nf3
Qd8 28. Ne5 Qe8 29. h3 Qf8 30. Rf3 Qc5 31. Rg3 Qf8 32. Kh2 Qe8 33. Qh6 Rxg3 34.
Kxg3 Qg8+ 35. Kh2 Bf5 36. c3 Be6 37. g4 Bc8 38. Kg3 Be6 39. Kf4 Bc8 40. h4 Be6
41. g5 c5 42. h5 d4 43. g6 1-0

[Event "Campeonato de España FEDC 2014"]
[Site "Linares ESP"]
[Date "2014.11.18"]
[Round "3.5"]
[White "Septien Lopez, Valeriano"]
[Black "Ortiz Amenos, Jose Luis"]
[Result "0-1"]
[WhiteElo "1811"]
[BlackElo "2039"]
[PlyCount "54"]
[EventDate "2014.11.16"]
[EventType "swiss"]
[EventRounds "8"]
[EventCountry "ESP"]
[Source "lmi"]
[SourceDate "2014.11.16"]

1. e4 e6 2. d4 d5 3. Bd3 c5 4. exd5 exd5 5. Qe2+ Be7 6. dxc5 Nf6 7. Nf3 O-O 8.
O-O Bxc5 9. c3 Bg4 10. Bg5 Nc6 11. h3 Re8 12. Qc2 Bxf3 13. Bxh7+ Kh8 14. gxf3
Qd6 15. Bf5 Qg3+ 16. Kh1 Qxg5 17. Rg1 Qf4 18. Nd2 Re2 19. Rad1 Rae8 20. Qd3
Rxf2 21. Rg2 Rxg2 22. Kxg2 Re3 23. Qb5 Qxf5 24. Qxc5 Re2+ 25. Kf1 Qd3 26. Re1
Rxd2+ 27. Kg1 Qg6+ 0-1

[Event "Campeonato de España FEDC 2014"]
[Site "Linares ESP"]
[Date "2014.11.18"]
[Round "3.6"]
[White "Ramirez Carrasco, Antonio"]
[Black "Zanoletty Garcia, David"]
[Result "0-1"]
[WhiteElo "1755"]
[BlackElo "1996"]
[PlyCount "86"]
[EventDate "2014.11.16"]
[EventType "swiss"]
[EventRounds "8"]
[EventCountry "ESP"]
[Source "lmi"]
[SourceDate "2014.11.16"]

1. e4 e6 2. d4 d5 3. e5 c5 4. c3 Nc6 5. Nf3 Nge7 6. a3 Bd7 7. b4 cxd4 8. cxd4
Nf5 9. g4 Nh4 10. Be3 Be7 11. Nxh4 Bxh4 12. Bd3 Rc8 13. O-O a6 14. Nd2 Na7 15.
a4 Be7 16. Rb1 Nc6 17. b5 Nb4 18. Be2 axb5 19. axb5 Na2 20. Rb2 Nc3 21. Qe1 O-O
22. Bd3 f5 23. exf6 Bxf6 24. Nb1 Ne4 25. f3 Bh4 26. Qe2 Ng5 27. f4 Ne4 28. g5
h6 29. Bxe4 dxe4 30. Qg4 hxg5 31. fxg5 Rxf1+ 32. Kxf1 Qf8+ 33. Ke2 e5 34. Qxh4
Qf3+ 35. Kd2 exd4 36. Qf4 dxe3+ 37. Qxe3 Qg2+ 38. Qe2 Qxg5+ 39. Qe3 Qe5 40. Nc3
Qxh2+ 41. Kc1 Qh1+ 42. Kc2 Qf3 43. Kd2 Qxe3+ 0-1

[Event "Campeonato de España FEDC 2014"]
[Site "Linares ESP"]
[Date "2014.11.18"]
[Round "3.7"]
[White "Saez Gabikagogeaskoa, Oscar"]
[Black "Escabias Perez, Miguel"]
[Result "1-0"]
[WhiteElo "1988"]
[BlackElo "1590"]
[PlyCount "117"]
[EventDate "2014.11.16"]
[EventType "swiss"]
[EventRounds "8"]
[EventCountry "ESP"]
[Source "lmi"]
[SourceDate "2014.11.16"]

1. e4 c5 2. Nf3 e6 3. d4 cxd4 4. Nxd4 Qc7 5. g3 Nc6 6. Nb5 Qd8 7. Bf4 e5 8. Be3
Nf6 9. Bg2 a6 10. Nd6+ Bxd6 11. Qxd6 Qe7 12. Qxe7+ Nxe7 13. Bc5 d5 14. Bxe7
Kxe7 15. exd5 Re8 16. c4 Kd6 17. Nc3 Bd7 18. b4 b6 19. Rc1 Rac8 20. f3 Rxc4 21.
Ne4+ Kxd5 22. Rxc4 Kxc4 23. Nd6+ Kxb4 24. Nxe8 Nxe8 25. Kd2 Be6 26. Ra1 Kc5 27.
Rc1+ Bc4 28. Re1 f6 29. f4 Kd6 30. fxe5+ fxe5 31. a4 Nf6 32. Kc3 b5 33. Kb4 Nd7
34. Rd1+ Kc7 35. axb5 axb5 36. Bf1 Nb6 37. Ra1 Nd5+ 38. Kc5 Bxf1 39. Rxf1 Nf6
40. Kxb5 Kd6 41. Kc4 Ke6 42. Kd3 Kd5 43. h3 Ke6 44. Ra1 Kf5 45. Ra5 Ke6 46. Ke3
Kf5 47. Kf3 h5 48. Rb5 Ke6 49. Ra5 Kf5 50. Ra7 Kg6 51. Ke3 Kh6 52. Ra5 e4 53.
Kf4 Kg6 54. Re5 Kf7 55. g4 hxg4 56. hxg4 Kg6 57. g5 Nh7 58. Re6+ Kh5 59. Rxe4
1-0

[Event "Campeonato de España FEDC 2014"]
[Site "Linares ESP"]
[Date "2014.11.18"]
[Round "3.8"]
[White "Ariste Justo, Jesus Angel"]
[Black "Mondelo Fidalgo, Antonio"]
[Result "1/2-1/2"]
[WhiteElo "1858"]
[BlackElo "1739"]
[PlyCount "140"]
[EventDate "2014.11.16"]
[EventType "swiss"]
[EventRounds "8"]
[EventCountry "ESP"]
[Source "lmi"]
[SourceDate "2014.11.16"]

1. d4 Nf6 2. Nf3 e6 3. c4 Bb4+ 4. Bd2 Qe7 5. a3 Bxd2+ 6. Qxd2 d6 7. Nc3 e5 8.
dxe5 dxe5 9. e4 Nc6 10. Be2 Bg4 11. O-O Rd8 12. Qe3 Nd4 13. Rad1 c5 14. h3 Bh5
15. Nd5 Qd6 16. Rd2 O-O 17. Kh1 Rfe8 18. Ng1 Bg6 19. Bd3 Nh5 20. Ne2 Nf6 21.
Nec3 Nh5 22. Ne2 Nb3 23. Rdd1 Nd4 24. Bb1 Nf6 25. Nec3 Bh5 26. Rd2 Nb3 27.
Nxf6+ Qxf6 28. Nd5 Qh6 29. Qxh6 gxh6 30. Nf6+ Kf8 31. Rxd8 Rxd8 32. Nxh5 Rd2
33. f4 Rxb2 34. Rd1 Nd2 35. Bd3 exf4 36. Nxf4 Ra2 37. Nd5 Nb3 38. Bb1 Rxa3 39.
Rd3 a5 40. Nb6 Kg7 41. Kh2 Kg6 42. Bc2 a4 43. Nxa4 Rxa4 44. Rxb3 Rxc4 45. Bb1
Rb4 46. Rxb4 cxb4 47. Kg3 Kf6 48. Kf4 b3 49. e5+ Kg7 50. g4 h5 51. Kg5 hxg4 52.
hxg4 h6+ 53. Kf5 b2 54. Bc2 b6 55. Kf4 Kf8 56. Ke4 Kg8 57. Kd4 Kf8 58. Kd5 Ke7
59. Bb1 b5 60. Bd3 b4 61. Bc2 b3 62. Bf5 Ke8 63. Kc4 Ke7 64. Kxb3 b1=Q+ 65.
Bxb1 Ke6 66. Kc4 Kxe5 67. Bd3 Kf4 68. Be2 f6 69. Kd4 f5 70. gxf5 Kxf5 1/2-1/2

[Event "Campeonato de España FEDC 2014"]
[Site "Linares ESP"]
[Date "2014.11.18"]
[Round "3.9"]
[White "Espadina Solano, Jaime"]
[Black "Monmeneu Chulia, Vicente Juan"]
[Result "0-1"]
[WhiteElo "1741"]
[BlackElo "1851"]
[PlyCount "31"]
[EventDate "2014.11.16"]
[EventType "swiss"]
[EventRounds "8"]
[EventCountry "ESP"]
[Source "lmi"]
[SourceDate "2014.11.16"]

1. e4 e6 2. d3 d5 3. Nd2 Nf6 4. Ngf3 b6 5. c3 Be7 6. Qa4+ Bd7 7. Qc2 O-O 8. e5
Ne8 9. d4 c5 10. Bd3 f5 11. exf6 Nxf6 12. Ne5 Bc8 13. Ndf3 c4 14. Be2 Nfd7 15.
O-O Nxe5 16. Nxe5 0-1

[Event "Campeonato de España FEDC 2014"]
[Site "Linares ESP"]
[Date "2014.11.18"]
[Round "3.10"]
[White "Quintero Gemio, Antonio J"]
[Black "Megias Gonzalez, Javier"]
[Result "0-1"]
[WhiteElo "1763"]
[BlackElo "1837"]
[PlyCount "124"]
[EventDate "2014.11.16"]
[EventType "swiss"]
[EventRounds "8"]
[EventCountry "ESP"]
[Source "lmi"]
[SourceDate "2014.11.16"]

1. e4 c5 2. d4 cxd4 3. c3 dxc3 4. Nxc3 d6 5. Bc4 Nf6 6. e5 Ng8 7. Nf3 e6 8.
exd6 Qxd6 9. Qxd6 Bxd6 10. Nb5 Bb4+ 11. Bd2 Bxd2+ 12. Nxd2 Na6 13. O-O Nf6 14.
Nd6+ Ke7 15. Nb5 Bd7 16. Nc3 Nb4 17. Nf3 Rac8 18. Bb3 Rc5 19. Rad1 Rhc8 20. h3
a6 21. Rfe1 Be8 22. a3 Nc6 23. Rd2 Na5 24. Ba2 Nc4 25. Bxc4 Rxc4 26. Red1 Ne4
27. Nxe4 Rxe4 28. Nh2 Ba4 29. Rb1 Rec4 30. Nf3 Rc1+ 31. Rxc1 Rxc1+ 32. Kh2 Rc2
33. Rxc2 Bxc2 34. Nd4 Be4 35. f3 Bd5 36. Kg3 Kd6 37. Kf2 Kc5 38. Ke3 Kc4 39. g3
g6 40. f4 f6 41. Ne2 Kb3 42. Nd4+ Kxb2 43. a4 Kc3 44. Ne2+ Kb4 45. Kd4 Kxa4 46.
Nc3+ Kb4 47. Nxd5+ exd5 48. Kxd5 a5 49. Ke6 f5 50. Kf6 a4 51. Kg7 a3 52. Kxh7
a2 53. Kxg6 a1=Q 54. Kxf5 Qg7 55. g4 Kc4 56. g5 b5 57. g6 Kd5 58. Kg5 b4 59. f5
Ke5 60. h4 Qe7+ 61. Kg4 Qf6 62. Kh5 Qxf5+ 0-1

[Event "Campeonato de España FEDC 2014"]
[Site "Linares ESP"]
[Date "2014.11.18"]
[Round "3.11"]
[White "Losilla Marin, Antonio"]
[Black "Vela Ignacio, Jose Manuel"]
[Result "0-1"]
[WhiteElo "1656"]
[BlackElo "2128"]
[PlyCount "78"]
[EventDate "2014.11.16"]
[EventType "swiss"]
[EventRounds "8"]
[EventCountry "ESP"]
[Source "lmi"]
[SourceDate "2014.11.16"]

1. e4 e6 2. d3 d5 3. Nd2 c5 4. Ngf3 Nc6 5. g3 Bd6 6. Bg2 Nge7 7. O-O Qc7 8. c3
a5 9. Re1 b5 10. c4 Bb7 11. cxb5 Ne5 12. Nxe5 Bxe5 13. Nf3 dxe4 14. Nxe5 Qxe5
15. Bxe4 Bxe4 16. Rxe4 Qd5 17. Bf4 g5 18. Bc7 Ng6 19. b6 f5 20. Rxe6+ Qxe6 21.
b7 O-O 22. bxa8=Q Rxa8 23. Qe1 Qc6 24. Bxa5 Re8 25. Qd2 h6 26. Re1 Ne5 27. Rxe5
Rxe5 28. Bc3 Re6 29. d4 Rd6 30. Qe3 cxd4 31. Bxd4 Qa4 32. Bc3 Rd1+ 33. Kg2 Qc6+
34. f3 g4 35. Kf2 Rh1 36. Qf4 Qb5 37. Ke3 Rxh2 38. Kd4 Rh1 39. fxg4 Rd1+ 0-1

[Event "Campeonato de España FEDC 2014"]
[Site "Linares ESP"]
[Date "2014.11.18"]
[Round "3.12"]
[White "Pimienta Sanchez, Manuel"]
[Black "Merino Gomez, Aurelio"]
[Result "1-0"]
[WhiteElo "1820"]
[BlackElo "1696"]
[PlyCount "121"]
[EventDate "2014.11.16"]
[EventType "swiss"]
[EventRounds "8"]
[EventCountry "ESP"]
[Source "lmi"]
[SourceDate "2014.11.16"]

1. d4 Nf6 2. c4 g6 3. Nc3 Bg7 4. Nf3 d5 5. cxd5 Nxd5 6. e4 Nxc3 7. bxc3 c5 8.
Bb5+ Bd7 9. Bxd7+ Qxd7 10. O-O e6 11. Be3 c4 12. a4 b6 13. Nd2 Qc6 14. Qe2 Nd7
15. Qxc4 Qxc4 16. Nxc4 O-O 17. Nd2 Rfc8 18. Rac1 Nf6 19. f3 Rc6 20. Rc2 Rac8
21. Rfc1 h5 22. Kf2 Bf8 23. Nb1 Rc4 24. Ra2 Bb4 25. Bd2 Bf8 26. Ke2 Ne8 27. Kd3
Nd6 28. Bf4 Nb7 29. Nd2 R4c6 30. Nb3 Bd6 31. e5 Be7 32. Be3 Rc4 33. g4 hxg4 34.
fxg4 Kg7 35. g5 R4c6 36. Rac2 Rh8 37. c4 Rh3 38. Rg2 a5 39. Rcc2 Bb4 40. Ke4
Rc8 41. Nc1 Rch8 42. Nd3 R3h4+ 43. Bf4 Be7 44. Rb2 Rb8 45. Kf3 Nd8 46. d5 Nb7
47. d6 Bd8 48. Kg3 Rh5 49. h4 Rc8 50. Rgc2 Nc5 51. Nxc5 Rxc5 52. Rb5 Rc6 53.
Kg4 Kf8 54. c5 bxc5 55. Rbxc5 Rxc5 56. Rxc5 Kg7 57. Bd2 Rh8 58. Bxa5 Bxa5 59.
Rxa5 Rd8 60. Ra7 Kf8 61. a5 1-0

[Event "Campeonato de España FEDC 2014"]
[Site "Linares ESP"]
[Date "2014.11.18"]
[Round "3.13"]
[White "Sanz Garcia, Ramon"]
[Black "Escalante Ortega, Fernando"]
[Result "1-0"]
[WhiteElo "1706"]
[BlackElo "1814"]
[PlyCount "90"]
[EventDate "2014.11.16"]
[EventType "swiss"]
[EventRounds "8"]
[EventCountry "ESP"]
[Source "lmi"]
[SourceDate "2014.11.16"]

1. d4 Nf6 2. c4 c5 3. d5 b5 4. Nf3 g6 5. e3 d6 6. cxb5 a6 7. Nc3 Bg7 8. a4 O-O
9. Be2 axb5 10. Bxb5 Ba6 11. O-O Bxb5 12. Nxb5 Na6 13. Nc3 Nb4 14. e4 Nd7 15.
Qe2 Qb8 16. Bg5 Re8 17. Ra3 e6 18. dxe6 fxe6 19. Be3 d5 20. exd5 exd5 21. Qd2
d4 22. Nb5 Rf8 23. Bh6 Nf6 24. Bxg7 Kxg7 25. Re1 Ng4 26. Qg5 Rxf3 27. Qxg4 Rxa3
28. Qd7+ Kg8 29. Qe6+ Kf8 30. Qf6+ Kg8 31. bxa3 Ra6 32. Re6 Nd5 33. Qe5 Qxe5
34. Rxe5 Nc3 35. Nxc3 dxc3 36. Rxc5 Rd6 37. Kf1 Ra6 38. Rxc3 Rxa4 39. Ke2 Kf7
40. Re3 Kf6 41. Kd2 Kf5 42. Kc2 g5 43. Kb3 Rg4 44. Rf3+ Ke4 45. Re3+ Kf4 1-0

[Event "Campeonato de España FEDC 2014"]
[Site "Linares ESP"]
[Date "2014.11.18"]
[Round "3.14"]
[White "Miramon Borragan, Gustavo"]
[Black "Garcia Cervigon, Cecilio"]
[Result "0-1"]
[WhiteElo "1626"]
[BlackElo "1807"]
[PlyCount "65"]
[EventDate "2014.11.16"]
[EventType "swiss"]
[EventRounds "8"]
[EventCountry "ESP"]
[Source "lmi"]
[SourceDate "2014.11.16"]

1. e4 c6 2. d4 d5 3. exd5 cxd5 4. h3 Nc6 5. Nf3 g6 6. c3 Bg7 7. Be3 Nh6 8. g4
f6 9. Bd3 e5 10. Bc2 e4 11. Nfd2 O-O 12. f4 f5 13. g5 Nf7 14. Bb3 Be6 15. h4 h6
16. Qe2 h5 17. Na3 Nd6 18. c4 dxc4 19. Naxc4 Nxd4 20. Bxd4 Bxd4 21. Nxd6 Qxd6
22. Bxe6+ Qxe6 23. Nb3 Bb6 24. O-O-O Rfd8 25. Rdf1 Rd3 26. Kb1 Rad8 27. Nc1 Rd2
28. Qb5 R8d5 29. Qb3 Bd4 30. Rd1 Rxb2+ 31. Qxb2 Bxb2 32. Kxb2 Rxd1 33. Rxd1 0-1

[Event "Campeonato de España FEDC 2014"]
[Site "Linares ESP"]
[Date "2014.11.18"]
[Round "3.15"]
[White "Rousse Mayol, Ricard"]
[Black "Salas Rasilla, Concepcion"]
[Result "1/2-1/2"]
[WhiteElo "1788"]
[BlackElo "1653"]
[PlyCount "88"]
[EventDate "2014.11.16"]
[EventType "swiss"]
[EventRounds "8"]
[EventCountry "ESP"]
[Source "lmi"]
[SourceDate "2014.11.16"]

1. Nf3 g6 2. d4 Nf6 3. c4 c5 4. e3 cxd4 5. exd4 d5 6. Nc3 Bg7 7. cxd5 O-O 8.
Bc4 Nbd7 9. O-O Nb6 10. Bb3 Nbxd5 11. Nxd5 Nxd5 12. Re1 Nf6 13. h3 Qd6 14. Ne5
Bf5 15. Be3 Nd5 16. Nc4 Nxe3 17. Nxd6 Nxd1 18. Nxf5 gxf5 19. Raxd1 Bf6 20. Bd5
Rfd8 21. Bf3 Rd7 22. b3 Rad8 23. d5 b6 24. g3 e5 25. dxe6 Rxd1 26. exf7+ Kxf7
27. Rxd1 Rxd1+ 28. Bxd1 Bd4 29. Kg2 Kf6 30. f4 h6 31. Bh5 Bc5 32. Kf3 Bd4 33.
Be8 Bc5 34. g4 a5 35. Bd7 fxg4+ 36. hxg4 Bg1 37. Be8 Bc5 38. Ke4 Bg1 39. Bh5
Bc5 40. Kd5 Be3 41. Ke4 Bc5 42. a4 Bf2 43. Kd5 Be3 44. Kc6 Bf2 1/2-1/2

[Event "Campeonato de España FEDC 2014"]
[Site "Linares ESP"]
[Date "2014.11.18"]
[Round "3.16"]
[White "Gil Dominguez, Angel Jesus"]
[Black "Lopez Perez, Angel Luis"]
[Result "0-1"]
[WhiteElo "1571"]
[BlackElo "1769"]
[PlyCount "72"]
[EventDate "2014.11.16"]
[EventType "swiss"]
[EventRounds "8"]
[EventCountry "ESP"]
[Source "lmi"]
[SourceDate "2014.11.16"]

1. d4 d5 2. Nf3 Nf6 3. c4 e6 4. Bg5 Nbd7 5. Nc3 Be7 6. Qc2 a6 7. e3 dxc4 8.
Bxc4 b5 9. Bd3 Bb7 10. O-O h6 11. Bf4 c5 12. Ne4 Nxe4 13. Bxe4 Qc8 14. Rac1 c4
15. Ne5 Nf6 16. Bxb7 Qxb7 17. b3 Ba3 18. Rb1 cxb3 19. Qxb3 Be7 20. a4 b4 21.
Nc4 Qd5 22. Nd6+ Bxd6 23. Qxd5 Nxd5 24. Bxd6 a5 25. Rfc1 Nc3 26. Rb2 Kd7 27.
Be5 f6 28. Bg3 Rhc8 29. Kf1 Ne4 30. Rd1 Nxg3+ 31. hxg3 f5 32. Ke2 Rc3 33. Kd2
Rac8 34. Rbb1 Ra3 35. Rdc1 Rxc1 36. Kxc1 Rxa4 0-1

[Event "Campeonato de España FEDC 2014"]
[Site "Linares ESP"]
[Date "2014.11.18"]
[Round "3.17"]
[White "Melero Marti, Hector"]
[Black "Menendez Solar, Jose Carlos"]
[Result "1/2-1/2"]
[WhiteElo "1537"]
[BlackElo "1758"]
[PlyCount "60"]
[EventDate "2014.11.16"]
[EventType "swiss"]
[EventRounds "8"]
[EventCountry "ESP"]
[Source "lmi"]
[SourceDate "2014.11.16"]

1. e4 e6 2. d4 d5 3. Nd2 Nf6 4. e5 Nfd7 5. Bd3 c5 6. c3 Nc6 7. Ne2 cxd4 8. cxd4
f6 9. exf6 Nxf6 10. Nf3 Bd6 11. Nc3 O-O 12. O-O a6 13. Bg5 Qc7 14. Bh4 Nh5 15.
Ne2 g6 16. Rc1 Qg7 17. Ng3 Nf4 18. Ne2 Nh3+ 19. Kh1 Qh6 20. Bg3 Nf4 21. Nxf4
Bxf4 22. Bxf4 Qxf4 23. Be2 Bd7 24. Rc2 Kg7 25. Qd2 Qd6 26. a3 Rf6 27. Qe3 Raf8
28. Kg1 Rf4 29. Rd2 Re4 30. Qc3 Qf4 1/2-1/2

[Event "Campeonato de España FEDC 2014"]
[Site "Linares ESP"]
[Date "2014.11.18"]
[Round "3.18"]
[White "Martinez Perez, Carlos"]
[Black "Martinez Colomar, Alejandro"]
[Result "0-1"]
[WhiteElo "1508"]
[BlackElo "1747"]
[PlyCount "44"]
[EventDate "2014.11.16"]
[EventType "swiss"]
[EventRounds "8"]
[EventCountry "ESP"]
[Source "lmi"]
[SourceDate "2014.11.16"]

1. e4 c5 2. Nf3 d6 3. c3 Nf6 4. Bd3 g6 5. O-O Bg7 6. Re1 O-O 7. Bc2 Nc6 8. d4
cxd4 9. cxd4 Bg4 10. h3 Bxf3 11. gxf3 Qc8 12. Kg2 Nxd4 13. Qxd4 Qxc2 14. Nc3
Ng4 15. Qd2 Qxd2 16. Bxd2 Nf6 17. Rac1 Rfc8 18. b3 Rc6 19. e5 dxe5 20. Rxe5 Rd8
21. Re2 e6 22. Rc2 Nd5 0-1

[Event "Campeonato de España FEDC 2014"]
[Site "Linares ESP"]
[Date "2014.11.18"]
[Round "3.19"]
[White "Ardila Pacheco, Julian"]
[Black "Garcia Andrinal, Antonio"]
[Result "0-1"]
[WhiteElo "1215"]
[BlackElo "1726"]
[PlyCount "76"]
[EventDate "2014.11.16"]
[EventType "swiss"]
[EventRounds "8"]
[EventCountry "ESP"]
[Source "lmi"]
[SourceDate "2014.11.16"]

1. e4 c5 2. Nf3 d6 3. d3 Nf6 4. Be2 Nc6 5. c3 g6 6. O-O Bg7 7. Qb3 O-O 8. Qd1
Qc7 9. Bf4 Nh5 10. b3 Nxf4 11. a3 Be6 12. Nfd2 Ne5 13. Nf3 Bxb3 14. Qd2 Nxe2+
15. Qxe2 Be6 16. h3 d5 17. Nbd2 Nxf3+ 18. Qxf3 Bxc3 19. Rad1 dxe4 20. dxe4 Bg7
21. Rfe1 Rfd8 22. Qe2 Bc3 23. Nf3 Bxe1 24. Rxd8+ Rxd8 25. Qxe1 Qf4 26. a4 Bb3
27. Qe3 Rd1+ 28. Ne1 Qxe3 29. fxe3 Rxe1+ 30. Kf2 Ra1 31. Ke2 Rxa4 32. Kd3 c4+
33. Kc3 b5 34. Kd4 b4 35. Kc5 c3 36. Kb5 c2 37. Kc5 c1=Q+ 38. Kd4 Qc3# 0-1

[Event "Campeonato de España FEDC 2014"]
[Site "Linares ESP"]
[Date "2014.11.18"]
[Round "3.21"]
[White "Diaz De La Guia, Luis"]
[Black "De Los Heros Torres, Francisco"]
[Result "1-0"]
[WhiteElo "1653"]
[BlackElo "1624"]
[PlyCount "87"]
[EventDate "2014.11.16"]
[EventType "swiss"]
[EventRounds "8"]
[EventCountry "ESP"]
[Source "lmi"]
[SourceDate "2014.11.16"]

1. d4 d5 2. Nc3 Nf6 3. Bg5 e6 4. e4 dxe4 5. Nxe4 Be7 6. Bxf6 Bxf6 7. Nxf6+ Qxf6
8. Nf3 Qe7 9. Qd2 b6 10. O-O-O h6 11. Qc3 O-O 12. Ne5 Bb7 13. f3 a5 14. Kb1 Bd5
15. Bb5 c6 16. Bc4 b5 17. Bxd5 cxd5 18. f4 Qb7 19. Qb3 a4 20. Qd3 b4 21. Rc1
Nd7 22. Nxd7 Qxd7 23. c3 bxc3 24. Rxc3 Rfc8 25. Rhc1 Rxc3 26. Qxc3 Qb5 27. Qd2
Qa6 28. Qd1 Rb8 29. Rc2 Rb4 30. a3 Rc4 31. Qd3 Qc6 32. Rxc4 Qxc4 33. Qxc4 dxc4
34. Kc2 Kf8 35. Kc3 Ke7 36. Kxc4 Kd6 37. Kb4 Kd5 38. Kxa4 Kxd4 39. b4 f6 40. b5
Kc5 41. Ka5 e5 42. fxe5 fxe5 43. b6 e4 44. b7 1-0

[Event "Campeonato de España FEDC 2014"]
[Site "Linares ESP"]
[Date "2014.11.18"]
[Round "3.22"]
[White "Garcia Cruz, Jose Manuel"]
[Black "Sanchez Ruiz, Piedad Esmeralda"]
[Result "0-1"]
[WhiteElo "1300"]
[BlackElo "1861"]
[PlyCount "48"]
[EventDate "2014.11.16"]
[EventType "swiss"]
[EventRounds "8"]
[EventCountry "ESP"]
[Source "lmi"]
[SourceDate "2014.11.16"]

1. d4 d5 2. c4 e6 3. Nc3 Nf6 4. Nf3 c5 5. Bg5 cxd4 6. Nxd4 Be7 7. e3 O-O 8. Qc2
a6 9. Rd1 Qa5 10. Nb3 Qc7 11. Bxf6 Bxf6 12. cxd5 exd5 13. Rxd5 Be6 14. Rd2 Nd7
15. Bd3 h6 16. Ne4 Rac8 17. Nxf6+ Nxf6 18. O-O Qe5 19. Qd1 Ng4 20. g3 Qh5 21.
f4 Qh3 22. Re1 Rfe8 23. Bf1 Qh5 24. Rd3 Qxh2# 0-1

[Event "Campeonato de España FEDC 2014"]
[Site "Linares ESP"]
[Date "2014.11.18"]
[Round "3.23"]
[White "Arranz Fraile, Javier"]
[Black "Samper Alarcon, Julio Alfredo"]
[Result "1/2-1/2"]
[WhiteElo "1594"]
[BlackElo "1627"]
[PlyCount "104"]
[EventDate "2014.11.16"]
[EventType "swiss"]
[EventRounds "8"]
[EventCountry "ESP"]
[Source "lmi"]
[SourceDate "2014.11.16"]

1. d4 d5 2. Nf3 Nf6 3. Bf4 e6 4. e3 c6 5. Bd3 Bd6 6. Bg3 Ne4 7. Nbd2 Nxg3 8.
hxg3 h6 9. Ne5 Bxe5 10. dxe5 Nd7 11. f4 Qb6 12. Nf3 Qxe3+ 13. Qe2 Qxe2+ 14.
Bxe2 Nc5 15. Nd2 O-O 16. O-O-O b6 17. Bf3 a5 18. Nb3 Nxb3+ 19. axb3 Ba6 20. Kb1
Rac8 21. Rd2 c5 22. c3 c4 23. Be2 Rc7 24. Kc2 cxb3+ 25. Kxb3 Bxe2 26. Rxe2 Rc4
27. Ra1 Rfc8 28. Ra4 Kh7 29. Rd2 Kg6 30. Rd4 R4c6 31. g4 f6 32. f5+ exf5 33.
gxf5+ Kxf5 34. exf6 Rxf6 35. Rxd5+ Ke6 36. Rad4 Rc6 37. Ka4 Rc4+ 38. Kb5 Rxd4
39. Rxd4 Rf2 40. Kxb6 Rxb2+ 41. Kxa5 Rxg2 42. c4 Rb2 43. c5 h5 44. Rd6+ Kf5 45.
c6 g5 46. c7 Rc2 47. Kb6 Rxc7 48. Kxc7 h4 49. Rh6 Kf4 50. Kd6 Kg3 51. Ke5 h3
52. Kf5 h2 1/2-1/2